| 000 | 00443nam a22001577a 4500 | ||
|---|---|---|---|
| 003 | SISC | ||
| 005 | 20190611132043.0 | ||
| 008 | 190611b xxu||||| |||| 00| 0 eng d | ||
| 020 | _a971-08-4280-3 | ||
| 050 |
_aPE 1112 _b.P171 1989 |
||
| 100 |
_4Palma, Jesus C. _91 |
||
| 245 |
_aGrammar and composition 1 / _cJesus c. Palma, Martha a. Mogol.-- |
||
| 260 |
_aPasay City : _bAnvil Publising _c1989. |
||
| 650 |
_2Grammar. _91 |
||
| 942 |
_2lcc _cBK |
||
| 999 |
_c361882 _d361882 |
||